000 01594nam a2200229Ia 4500
003 Ost
005 20260507075523.0
008 260507s9999||||xx |||||||||||||| ||und||
020 _a58457999579
040 _cfsecg
041 _aara
082 _a600
100 _aمقري، زكية
_eمؤلف
245 0 _aالتسويق الاستراتيجي :
_bمداخل حديثة /
_c زكية مقري
260 _aعمان:
_bدار الراية للنشر والتوزيع,
_c2015
300 _a499 صفحة؛
_bإيضاحات ؛
_c25 سم
520 _aالمفهوم التقليدي للتسويق ومفهومه الحديث،التوجه بالسوق واستراتيجية دفع السوق،مستويات الإسترتيجية والخيارات التابعة لكل مستوى،مثلث التسويق الاستراتيجي،التشخيص الاستراتيجي،خطة التسويق الاستراتيجي،تطوير رأس مال العلامة التجارية،سلوك المستهلك،المزيج التسويقي ودوره في خلق الموارد التجارية،التسويق الإلكتروني بديل للتسويق العادي،التسويق واستراتيجيات الابتكار،ذكاء الأعمال والذكاء التسويقي،خصوصية التسويق في الخدمات،التسويق والتوجه البيئي،التسويق الإقليمي وعلامة المدينة
653 _aإدارة الأعمال
653 _aالتسويق
700 _aيحياوي، نعيمة
_eمؤلف ثانوي
942 _cكتاب
999 _c44784
_d44784